banner koha

Produção de geléia real em colônias de abelhas africanizadas considerando diferentes suplementos proteicos e a influência de fatores ambientais (Registro n. 238472)

MARC details
000 -LÍDER
campo de controle de tamanho fixo 01046nas a2200325 4500
001 - NÚMERO DE CONTROLE
campo de controle BR2014004502
003 - IDENTIFICADOR DO NÚMERO DE CONTROLE
campo de controle BR-BrBNA
005 - DATA E HORÁRIO DA ÚLTIMA TRANSAÇÃO
campo de controle 20231205124323.0
007 - CAMPO FIXO DE DESCRIÇÃO FÍSICA--INFORMAÇÃO GERAL
campo de controle de tamanho fixo ta
008 - CAMPO DE DADOS FIXOS--INFORMAÇÃO GERAL
campo de controle de tamanho fixo 230509b bl.|||p| |||| 00| 00por d
040 ## - FONTE DA CATALOGAÇÃO
Instituição da catalogação original BR-BrBNA
Idioma da catalogação por
Instituição que transcreveu o registro Biblioteca Nacional de Agricultura
041 ## - CÓDIGO DE IDIOMA
Código do idioma do texto/trilha sonora ou título diferente (Pt)
072 ## - CÓDIGO DE CATEGORIA DE ASSUNTO
Código de Categoria de Assunto L01
100 1# - ENTRADA PRINCIPAL--NOME PESSOAL
Nome pessoal Toledo, V. de A.A. de
100 1# - ENTRADA PRINCIPAL--NOME PESSOAL
Nome pessoal Neves, C.A.
100 1# - ENTRADA PRINCIPAL--NOME PESSOAL
Nome pessoal Alves, E.M.
100 1# - ENTRADA PRINCIPAL--NOME PESSOAL
Nome pessoal Oliveira, J.R. de
100 1# - ENTRADA PRINCIPAL--NOME PESSOAL
Nome pessoal Ruvolo-Takasusuki, M.C.C.
100 1# - ENTRADA PRINCIPAL--NOME PESSOAL
Nome pessoal Faquinello, P.
245 1# - TÍTULO
Título Produção de geléia real em colônias de abelhas africanizadas considerando diferentes suplementos proteicos e a influência de fatores ambientais
650 ## - ASSUNTO--TERMO TÓPICO
Cabeçalho tópico ou nome geográfico APIS MELLIFERA
650 ## - ASSUNTO--TERMO TÓPICO
Cabeçalho tópico ou nome geográfico GELÉIA REAL
650 ## - ASSUNTO--TERMO TÓPICO
Cabeçalho tópico ou nome geográfico NUTRIÇÃO
650 ## - ASSUNTO--TERMO TÓPICO
Cabeçalho tópico ou nome geográfico ABELHA AFRICANA
650 ## - ASSUNTO--TERMO TÓPICO
Cabeçalho tópico ou nome geográfico APICULTURA
650 ## - ASSUNTO--TERMO TÓPICO
Cabeçalho tópico ou nome geográfico TEMPERATURA
773 0# - ENTRADA ANALÍTICA
Título Acta Scientiarum. Animal Sciences (Brazil)
ISSN - International Standard Serial Number ISSN 1806-2636
Partes relacionadas (Jan-Mar 2010), v. 32(1) p. 101-108
Número de controle do registro BR2014004502
909 ## -
-- 202311
-- Lúcia
-- 55
-- Lúcia Elande
942 ## - ELEMENTOS DE ENTRADA ADICIONADOS (KOHA)
Fonte da classificação ou esquema de arquivamento na estante Classificação AGRIS
Ocultar no OPAC Não
Tipo de material Koha Analítica
Exemplares
Situação do descarte Fonte da classificação ou esquema de arquivamento na estante Situação física Não pode ser emprestado Biblioteca de origem Biblioteca atual Localização na estante Enumeração do periódico / cronologia Total de empréstimos Data de último acesso Número do exemplar Tipo de material Koha Fonte de aquisição
  Classificação AGRIS   Consulta local Biblioteca Nacional de Agricultura - Binagri Biblioteca Nacional de Agricultura - Binagri   (Jan-Mar 2010), v. 32(1) p. 101-108   29/11/2023 01 Periódicos Portaria Interministerial nº 164/94

BINAGRI

Telefone: (61)3218-2567/2388/3357/2097 - binagri@agro.gov.br

Ministério da Agricultura e Pecuária , Esplanada dos Ministérios, Bloco D, Anexo B, Brasília/DF, CEP: 70.043-900